000 00686nam a22001937a 4500
005 20180521113800.0
010 _a1718EN-30 B-682245-246
020 _a9789385755880
_c399.00
035 _a B-682245-246
037 _bPragati
_adpl
082 _aS
100 _aThapa, Rabi
245 _aThamel :
_cby Rabi Thapa
_bdark star of Kathmandu /
260 _aNew Delhi
_bSpeaking Tiger
_c2016
270 _a4381/4, Ansari Road, Daryaganj,
_bNew Delhi
_e110002
300 _a174p.
_c20cm(Hb)
942 _2ddc
_cEN
_hS
_mTHA
999 _c145658
_d145658